[Event "SUI-chT Riehen-Bodan"]
[Site "?"]
[Date "2009.02.22"]
[Round "1.1"]
[White "Hickl, Joerg"]
[Black "Zeller, Frank"]
[Result "1-0"]
[WhiteElo "2613"]
[BlackElo "2455"]
[PlyCount "141"]
[EventDate "2009.??.??"]
[EventCountry "SUI"]
[SourceDate "2001.01.01"]

1. g3 e5 2. Bg2 d5 3. d3 Nc6 4. c3 Be6 5. b4 Qd7 6. Nd2 Nf6 7. Bb2 Bd6 8. Qc2
O-O 9. Ngf3 Bh3 10. O-O Bxg2 11. Kxg2 Rfe8 12. e4 Rad8 13. a3 dxe4 14. dxe4 Ne7
15. c4 Ng6 16. h3 b6 17. Rfd1 Nh5 18. Ng1 Rf8 19. Nf1 Qc6 20. Kh2 Nf6 21. f3 a5
22. Qb3 h5 23. h4 Ne7 24. Nh3 Nh7 25. Rac1 axb4 26. axb4 Qb7 27. Bc3 Nc6 28.
Kg2 Kh8 29. Ne3 g6 30. Nf2 f5 31. Qb2 Kg8 32. Qb3 Kg7 33. Qb2 Kg8 34. exf5 gxf5
35. c5 bxc5 36. bxc5 Qxb2 37. Bxb2 Be7 38. Rxd8 Bxd8 39. Nd3 f4 40. Nc4 fxg3
41. Ncxe5 Ne7 42. Nd7 Rf5 43. N3e5 Nf8 44. Rd1 Ne6 45. Kxg3 Rf4 46. Kf2 Nf5 47.
Rg1+ Kh7 48. Ng6 Bxh4+ 49. Nxh4 Nxh4 50. Nf6+ Rxf6 51. Bxf6 Ng6 52. Ke3 Nxc5
53. Rg5 Ne6 54. Rxh5+ Kg8 55. Be5 c6 56. Ke4 Ne7 57. Rh8+ Kf7 58. Rh7+ Ke8 59.
f4 Nc5+ 60. Ke3 Nd7 61. Bb2 Nf8 62. Rh6 Nfg6 63. Ke4 Kf7 64. f5 Nf8 65. Rf6+
Ke8 66. Ba3 c5 67. Bxc5 Nd7 68. Bxe7 Kxe7 69. Re6+ Kf7 70. Kf4 Nf6 71. Ra6 1-0

[Event "SUI-chT Bodan-Riehen"]
[Site "?"]
[Date "2009.02.22"]
[Round "1.2"]
[White "Knoedler, Dieter"]
[Black "Ekstroem, Roland"]
[Result "1-0"]
[WhiteElo "2359"]
[BlackElo "2516"]
[PlyCount "89"]
[EventDate "2009.??.??"]
[EventCountry "SUI"]
[SourceDate "2001.01.01"]

1. c4 e6 2. Nf3 d5 3. g3 dxc4 4. Qc2 Nd7 5. Bg2 c5 6. a4 Ngf6 7. Na3 b6 8. Nxc4
Bb7 9. d3 Be7 10. O-O O-O 11. Qb3 a6 12. e4 Rc8 13. Rd1 Ba8 14. Bf4 Nh5 15. Be3
Nhf6 16. h3 Qc7 17. Bf4 Qa7 18. g4 h6 19. Bg3 Rfd8 20. Ne1 Ne8 21. Nc2 Bf6 22.
f4 Bc6 23. Kh2 Rb8 24. Rd2 Be7 25. f5 exf5 26. gxf5 Rbc8 27. N2e3 Bg5 28. Re2
Qa8 29. Nd5 Bxd5 30. exd5 Qa7 31. d6 Nf8 32. Rae1 b5 33. axb5 axb5 34. Qxb5 Rb8
35. Qc6 Nf6 36. h4 N8h7 37. hxg5 Nxg5 38. Bf4 Rb3 39. Bxg5 hxg5 40. Re7 Qb8 41.
Rb7 Rxb7 42. Qxb7 Qxb7 43. Bxb7 Ne8 44. Rxe8+ Rxe8 45. d7 1-0

[Event "SUI-chT Riehen-Bodan"]
[Site "?"]
[Date "2009.02.22"]
[Round "1.3"]
[White "Buss, Ralph"]
[Black "Modler, Andreas"]
[Result "1-0"]
[WhiteElo "2361"]
[BlackElo "2257"]
[PlyCount "161"]
[EventDate "2009.??.??"]
[EventCountry "SUI"]
[SourceDate "2001.01.01"]

1. d4 Nf6 2. c4 e6 3. Nc3 Bb4 4. Qc2 c5 5. dxc5 Qc7 6. Nf3 Bxc5 7. g3 Qb6 8. e3
Be7 9. Bg2 d6 10. b3 a6 11. O-O O-O 12. Bb2 Nbd7 13. Rfd1 Nc5 14. Ng5 Rd8 15.
Nce4 Ncxe4 16. Nxe4 Nxe4 17. Qxe4 Rb8 18. Rd3 Qc7 19. Rc1 b6 20. a4 Bb7 21. Qg4
Bf8 22. e4 Bc6 23. Ba3 Rd7 24. Qf4 Rbd8 25. Bb4 Qb7 26. Rcd1 e5 27. Qe3 b5 28.
cxb5 axb5 29. a5 h6 30. Qe2 d5 31. Bxf8 Kxf8 32. exd5 Bxd5 33. a6 Qa8 34. Bxd5
Rxd5 35. Rxd5 Rxd5 36. Rxd5 Qxd5 37. a7 e4 38. Qc2 g5 39. h3 Qb7 40. Qa2 Qa8
41. Qa6 Kg7 42. Qb6 Qd5 43. Kh2 h5 44. Qa5 Qa8 45. Qxb5 Qxa7 46. Qxg5+ Kf8 47.
Qh6+ Kg8 48. Qg5+ Kf8 49. Qe3 Qa2 50. Kg2 Qb1 51. Qh6+ Kg8 52. Qxh5 Qxb3 53.
Qg4+ Kh8 54. Qxe4 Kg8 55. h4 Qb2 56. h5 Qd2 57. Qe5 Qc1 58. Qf4 Qc6+ 59. Kh2
Qd5 60. g4 Kg7 61. g5 Qe6 62. Kg3 Qb3+ 63. f3 Qb1 64. Qe5+ Kf8 65. Qh8+ Ke7 66.
Qf6+ Ke8 67. g6 Qg1+ 68. Kh4 Qh2+ 69. Kg5 Qd2+ 70. f4 fxg6 71. hxg6 Qh2 72.
Qe6+ Kd8 73. f5 Qd2+ 74. Kf6 Qc3+ 75. Kf7 Qc7+ 76. Kg8 Qg3 77. Qf7 Qh4 78. f6
Kc8 79. Qe6+ Kb7 80. f7 Qd8+ 81. f8=Q 1-0

[Event "SUI-chT Bodan-Riehen"]
[Site "?"]
[Date "2009.02.22"]
[Round "1.4"]
[White "Wildi, Marcel"]
[Black "Kaenel, Hansjuerg"]
[Result "0-1"]
[WhiteElo "2274"]
[BlackElo "2328"]
[PlyCount "36"]
[EventDate "2009.??.??"]
[EventCountry "SUI"]
[SourceDate "2001.01.01"]

1. g3 d5 2. Bg2 Nf6 3. d3 c5 4. f4 e6 5. Nf3 b5 6. a4 b4 7. e4 dxe4 8. Ng5 Bb7
9. Nd2 Be7 10. Ngxe4 Qc7 11. O-O O-O 12. f5 exf5 13. Rxf5 Nbd7 14. Nxf6+ Bxf6
15. Bxb7 Qxb7 16. Nc4 Rae8 17. h3 Bd4+ 18. Kh2 Re6 0-1

[Event "SUI-chT Riehen-Bodan"]
[Site "?"]
[Date "2009.02.22"]
[Round "1.5"]
[White "Brendel, Oliver"]
[Black "Cepo, Toni"]
[Result "1-0"]
[WhiteElo "2338"]
[BlackElo "2249"]
[PlyCount "47"]
[EventDate "2009.??.??"]
[EventCountry "SUI"]
[SourceDate "2001.01.01"]

1. e4 e5 2. Nf3 Nc6 3. Bb5 f5 4. d3 fxe4 5. dxe4 Nf6 6. O-O d6 7. Qd3 Bd7 8.
Nc3 Be7 9. Qc4 Na5 10. Bxd7+ Qxd7 11. Qe2 Nc6 12. Nd5 Nxd5 13. exd5 Nd8 14. Nd2
O-O 15. Ne4 Qf5 16. a4 Nf7 17. Ra3 c6 18. Rd1 cxd5 19. Rxd5 Rac8 20. Rh3 Bg5
21. Qd3 Bh6 22. Bxh6 gxh6 23. Rf3 Qe6 24. Nf6+ 1-0

[Event "SUI-chT Bodan-Riehen"]
[Site "?"]
[Date "2009.02.22"]
[Round "1.6"]
[White "Schmid, Michael"]
[Black "Aumann, Wolf"]
[Result "1/2-1/2"]
[WhiteElo "2208"]
[BlackElo "2328"]
[PlyCount "49"]
[EventDate "2009.??.??"]
[EventCountry "SUI"]
[SourceDate "2001.01.01"]

1. Nf3 d5 2. g3 Bg4 3. Bg2 Nd7 4. d3 c6 5. h3 Bh5 6. O-O e5 7. e4 dxe4 8. dxe4
Bc5 9. Nbd2 Ngf6 10. Qe1 O-O 11. Nb3 Bb6 12. a4 a5 13. Nfd2 Nc5 14. Nxc5 Bxc5
15. Nc4 Qc7 16. Bd2 b6 17. Kh1 Rfe8 18. Be3 Bxe3 19. Qxe3 b5 20. Na3 Rab8 21.
g4 Bg6 22. f3 h5 23. Rfd1 Qe7 24. Bf1 hxg4 25. hxg4 1/2-1/2

[Event "SUI-chT Riehen-Bodan"]
[Site "?"]
[Date "2009.02.22"]
[Round "1.7"]
[White "Toth, Bela"]
[Black "Fischer, Andre"]
[Result "1-0"]
[WhiteElo "2311"]
[BlackElo "2226"]
[PlyCount "93"]
[EventDate "2009.??.??"]
[EventCountry "SUI"]
[SourceDate "2001.01.01"]

1. d4 Nf6 2. c4 c5 3. d5 b5 4. cxb5 a6 5. bxa6 g6 6. g3 d6 7. Bg2 Bg7 8. Nf3
Nxa6 9. Nc3 Bb7 10. O-O O-O 11. e4 Nd7 12. Re1 Qa5 13. Bg5 Rfe8 14. Qd2 Nc7 15.
Bh6 Bh8 16. Bf1 Ba6 17. Bxa6 Qxa6 18. Bf4 f6 19. h4 Nb5 20. Kg2 Nxc3 21. Qxc3
Reb8 22. Qc2 Rb4 23. Bd2 Ra4 24. a3 Qb5 25. Bc3 Nb6 26. Rad1 R4a7 27. h5 g5 28.
Nh2 Na4 29. Ng4 Bg7 30. Ne3 Nxc3 31. bxc3 Rxa3 32. c4 Qe8 33. Qe2 Ra2 34. Qg4
h6 35. Rb1 f5 36. Nxf5 Qf7 37. Rb7 Re8 38. Re2 Rxe2 39. Qxe2 Qf6 40. Qg4 Qe5
41. Ne3 e6 42. dxe6 Rxe6 43. f3 d5 44. cxd5 Ra6 45. Rxg7+ Kxg7 46. Qd7+ Kf6 47.
Ng4# 1-0

[Event "SUI-chT Bodan-Riehen"]
[Site "?"]
[Date "2009.02.22"]
[Round "1.8"]
[White "Egle, Stefan"]
[Black "Werner, Clemens"]
[Result "1/2-1/2"]
[WhiteElo "2144"]
[BlackElo "2321"]
[PlyCount "135"]
[EventDate "2009.??.??"]
[EventCountry "SUI"]
[SourceDate "2001.01.01"]

1. d4 Nf6 2. c4 d6 3. Nf3 g6 4. Nc3 Bg7 5. g3 O-O 6. Bg2 Nc6 7. O-O Bg4 8. h3
Bxf3 9. Bxf3 Nd7 10. Bxc6 bxc6 11. Bg5 Rb8 12. Qd2 Re8 13. Na4 Qc8 14. Kh2 c5
15. Be3 cxd4 16. Bxd4 Ne5 17. Qc3 Qe6 18. c5 Bf6 19. b3 h5 20. Qe3 Rb4 21. Bc3
Re4 22. Qxe4 Ng4+ 23. hxg4 Qxe4 24. cxd6 hxg4 25. Bxf6 exf6 26. d7 Rd8 27. Nc5
Qd5 28. Rac1 Qh5+ 29. Kg1 Kg7 30. f3 Rh8 31. Kf2 Qh2+ 32. Ke3 Qxg3 33. Ne4 Qe5
34. Rfd1 g5 35. Kd3 Rd8 36. Kc2 Qe7 37. Ng3 Qe6 38. fxg4 Rxd7 39. Nf5+ Kg8 40.
Rxd7 Qxd7 41. Rd1 Qe6 42. e3 Qe4+ 43. Kc3 Kh7 44. Rd4 Qg2 45. a3 Qg1 46. Kb2
Qf2+ 47. Kb1 Qe1+ 48. Kb2 Qe2+ 49. Kb1 a5 50. a4 c6 51. Rc4 Qd2 52. Ka1 c5 53.
Kb1 Qd5 54. Kb2 Qe5+ 55. Ka2 Kg8 56. Kb1 Kf8 57. Ka2 Qd5 58. Kb2 Ke8 59. Re4+
Kd8 60. Rc4 Qe5+ 61. Kb1 Kd7 62. Ka2 Kc6 63. Kb1 Kb6 64. Ka2 Qh2+ 65. Kb1 Qg1+
66. Kb2 Qe1 67. Ka2 Qd2+ 68. Kb1 1/2-1/2

[Event "SUI-chT Reichenstein-Luzern"]
[Site "?"]
[Date "2009.02.22"]
[Round "1.2"]
[White "Riff, Jean-Noel"]
[Black "Papa, Severin"]
[Result "1/2-1/2"]
[WhiteElo "2469"]
[BlackElo "2449"]
[PlyCount "73"]
[EventDate "2009.??.??"]
[EventRounds "9"]
[SourceDate "2001.01.01"]

1. e4 d5 2. exd5 Qxd5 3. Nc3 Qd6 4. d4 Nf6 5. Nf3 c6 6. Ne5 Nbd7 7. Bf4 Nd5 8.
Nxd5 Qxd5 9. Nf3 Nf6 10. Be2 Bg4 11. O-O e6 12. c4 Qd8 13. h3 Bxf3 14. Bxf3 Be7
15. Qb3 Qb6 16. Qc3 O-O 17. Rfd1 Rfd8 18. Rd3 Rd7 19. Rad1 Qd8 20. Be5 Rc8 21.
b3 Bd6 22. g3 Rcc7 23. Qe1 Bxe5 24. Qxe5 Rd6 25. Kg2 h6 26. a4 Qe7 27. b4 Rdd7
28. Qe1 a6 29. a5 Qd6 30. Qc3 Kf8 31. Qb2 Kg8 32. Rb3 Qe7 33. Qb1 Qd8 34. b5
axb5 35. cxb5 cxb5 36. Rxb5 Nd5 37. Bxd5 1/2-1/2

[Event "SUI-chT Luzern-Reichenstein"]
[Site "?"]
[Date "2009.02.22"]
[Round "1.3"]
[White "Kurmann, Oliver"]
[Black "Hort, Vlastimil"]
[Result "1-0"]
[WhiteElo "2441"]
[BlackElo "2486"]
[PlyCount "121"]
[EventDate "2009.??.??"]
[EventRounds "9"]
[SourceDate "2001.01.01"]

1. e4 e5 2. Bc4 Nc6 3. Nf3 Be7 4. O-O d6 5. c3 Nf6 6. d3 O-O 7. Bb3 Bg4 8. h3
Bh5 9. Re1 Nd7 10. Be3 Kh8 11. Nbd2 Bg6 12. g4 Nb6 13. a4 Na5 14. Ba2 c5 15. b4
Nc6 16. a5 Nd7 17. Qa4 a6 18. Bd5 f6 19. Nc4 Qc7 20. Reb1 Rfb8 21. bxc5 dxc5
22. Rxb7 Rxb7 23. Bxc6 Be8 24. Bxb7 Qxb7 25. Qa2 Rb8 26. Nfd2 Qc6 27. Na3 Bd8
28. Ndc4 Bc7 29. Rb1 Rxb1+ 30. Qxb1 Bf7 31. Kg2 Kg8 32. f3 Kf8 33. Bf2 Ke8 34.
Qc2 Kd8 35. Be3 Kc8 36. Qb3 Be6 37. Bf2 g6 38. d4 exd4 39. cxd4 cxd4 40. Bxd4
f5 41. exf5 gxf5 42. Qc3 fxg4 43. hxg4 Bd5 44. Nd2 Qxc3 45. Bxc3 Ne5 46. Kf2
Kd7 47. Ke3 Bd6 48. Nc2 Nc6 49. Ne4 Be7 50. f4 Bb3 51. Ne1 Bd1 52. g5 Ke6 53.
Nd3 Kf5 54. Ndf2 Bc2 55. Ng3+ Kg6 56. Nfe4 Kf7 57. Nf5 Bd8 58. Nfd6+ Kf8 59.
Nb7 Bc7 60. Nec5 Ne7 61. Ne6+ 1-0

[Event "SUI-chT Reichenstein-Luzern"]
[Site "?"]
[Date "2009.02.22"]
[Round "1.4"]
[White "Volke, Karsten"]
[Black "Zueger, Beat"]
[Result "1/2-1/2"]
[WhiteElo "2462"]
[BlackElo "2415"]
[PlyCount "66"]
[EventDate "2009.??.??"]
[EventRounds "9"]
[SourceDate "2001.01.01"]

1. d4 Nf6 2. c4 c5 3. d5 b5 4. cxb5 a6 5. bxa6 g6 6. Nc3 Bxa6 7. g3 d6 8. Bg2
Nbd7 9. Nf3 Bg7 10. Rb1 O-O 11. O-O Qa5 12. Bd2 Bb7 13. a4 Qa7 14. e4 Ba6 15.
Re1 Ng4 16. Nb5 Bxb5 17. axb5 c4 18. Qe2 Rfb8 19. Bg5 Rxb5 20. Bxe7 Qb6 21. Bh3
Nde5 22. Bxg4 Nxg4 23. Nd2 Nxf2 24. Nxc4 Qd4 25. Qxf2 Qxc4 26. Bf6 Rb7 27. Rbc1
Qb4 28. Re2 Re8 29. Rc6 h5 30. Qf4 Rd7 31. Bc3 Qb5 32. Re1 Qd3 33. Re3 Bd4
1/2-1/2

[Event "SUI-chT Luzern-Reichenstein"]
[Site "?"]
[Date "2009.02.22"]
[Round "1.5"]
[White "Borgo, Giulio"]
[Black "Drabke, Lorenz"]
[Result "1/2-1/2"]
[WhiteElo "2431"]
[BlackElo "2432"]
[PlyCount "46"]
[EventDate "2009.??.??"]
[EventRounds "9"]
[SourceDate "2001.01.01"]

1. c4 c5 2. Nf3 Nf6 3. Nc3 Nc6 4. d4 cxd4 5. Nxd4 g6 6. e4 d6 7. Be2 Nxd4 8.
Qxd4 Bg7 9. Bg5 O-O 10. Qd2 a5 11. O-O a4 12. Rac1 Be6 13. Rfe1 Qa5 14. Bf1
Rfc8 15. Nd5 Qxd2 16. Bxd2 Bxd5 17. cxd5 Rxc1 18. Bxc1 Rc8 19. f3 Nd7 20. Bb5
Bd4+ 21. Be3 Rc1 22. Rxc1 Bxe3+ 23. Kf1 Bxc1 1/2-1/2

[Event "SUI-chT Reichenstein-Luzern"]
[Site "?"]
[Date "2009.02.22"]
[Round "1.6"]
[White "Wirthensohn, Heinz"]
[Black "Loetscher, Roland"]
[Result "1-0"]
[WhiteElo "2396"]
[BlackElo "2356"]
[PlyCount "57"]
[EventDate "2009.??.??"]
[EventRounds "9"]
[SourceDate "2001.01.01"]

1. d4 Nf6 2. Nf3 c5 3. d5 g6 4. Nc3 d6 5. e4 Bg7 6. Bb5+ Nbd7 7. a4 O-O 8. O-O
Ne8 9. Re1 Nc7 10. Bc4 Nb6 11. Bf1 e5 12. dxe6 Bxe6 13. Bf4 Nc8 14. h3 Qd7 15.
Qd2 Rd8 16. Rad1 a6 17. a5 Rb8 18. Qc1 b5 19. e5 d5 20. Ne4 Qc6 21. Bg5 Rf8 22.
Nf6+ Kh8 23. Qf4 Ne8 24. Qh4 Bxf6 25. Bxf6+ Nxf6 26. exf6 Nd6 27. Ng5 h5 28.
Nxe6 fxe6 29. Rxe6 1-0

[Event "SUI-chT Luzern-Reichenstein"]
[Site "?"]
[Date "2009.02.22"]
[Round "1.7"]
[White "Raeber, Markus"]
[Black "Heimann, Andreas"]
[Result "0-1"]
[WhiteElo "2290"]
[BlackElo "2389"]
[PlyCount "136"]
[EventDate "2009.??.??"]
[EventRounds "9"]
[SourceDate "2001.01.01"]

1. d4 Nf6 2. g3 c5 3. Nf3 cxd4 4. Nxd4 Nc6 5. Bg2 d5 6. O-O e6 7. c4 Bc5 8. Nb3
Be7 9. cxd5 Nxd5 10. a3 O-O 11. e4 Nb6 12. Qh5 Na4 13. e5 Qd3 14. N1d2 Qf5 15.
Qxf5 exf5 16. Re1 Be6 17. Bxc6 bxc6 18. Nd4 Bd7 19. b3 Nb6 20. Bb2 Rfd8 21.
N2f3 c5 22. e6 Bxe6 23. Nxe6 fxe6 24. Rxe6 Bf8 25. Ne5 Re8 26. Rc6 Rac8 27.
Rxc8 Rxc8 28. a4 c4 29. bxc4 Nxc4 30. Rc1 Nb6 31. Rxc8 Nxc8 32. Bd4 Bd6 33. Nc6
a6 34. Kf1 Kf7 35. Ke2 g6 36. Kd3 Ne7 37. Nd8+ Ke8 38. Ne6 Nc6 39. Kc4 Ke7 40.
Ng5 Nxd4 41. Kxd4 h6 42. Nf3 Ke6 43. Nh4 g5 44. Nf3 g4 45. Ne1 Bb8 46. Nd3 Ba7+
47. Kc4 Kd6 48. a5 h5 49. Kc3 Kd5 50. Kd2 Kc4 51. Nf4 Bxf2 52. Nxh5 Bd4 53. Kc2
Be5 54. Kd2 Kb5 55. Ke3 Kxa5 56. Nf4 Bxf4+ 57. Kxf4 Kb4 58. Kxf5 a5 59. Kxg4 a4
60. h4 a3 61. h5 a2 62. Kg5 a1=Q 63. h6 Kc5 64. Kg6 Qh8 65. g4 Kd6 66. g5 Ke6
67. h7 Ke7 68. Kh6 Kf7 0-1

[Event "SUI-chT Reichenstein-Luzern"]
[Site "?"]
[Date "2009.02.22"]
[Round "1.8"]
[White "Kuehn, Peter"]
[Black "Almada, Enrique"]
[Result "1/2-1/2"]
[WhiteElo "2412"]
[BlackElo "2326"]
[PlyCount "124"]
[EventDate "2009.??.??"]
[EventRounds "9"]
[SourceDate "2001.01.01"]

1. d4 Nf6 2. g3 e6 3. Bg2 c5 4. Nf3 Nc6 5. O-O b6 6. c4 cxd4 7. Nxd4 Bb7 8. Nb5
a6 9. Nd6+ Bxd6 10. Qxd6 Qb8 11. Bf4 Qxd6 12. Bxd6 Na5 13. b3 Bxg2 14. Kxg2 Rc8
15. Rd1 Nb7 16. Ba3 d6 17. Bb2 Ke7 18. Nc3 Rc6 19. Rac1 h5 20. h3 Rhc8 21. f4
Nc5 22. Kf3 Rg8 23. e4 g5 24. e5 dxe5 25. fxe5 Nfd7 26. Ke3 Nxe5 27. Nd5+ exd5
28. cxd5 Ned3 29. dxc6 Nxc1 30. Rxc1 a5 31. Bd4 Kd6 32. Bxc5+ bxc5 33. Rf1 Kxc6
34. Rxf7 Re8+ 35. Kd3 Re5 36. Rh7 g4 37. hxg4 hxg4 38. Rh6+ Kd5 39. Rg6 a4 40.
Rxg4 axb3 41. axb3 Re1 42. Rg5+ Kd6 43. Rg8 Rb1 44. Kc2 Rg1 45. g4 Rg3 46. g5
Kc6 47. g6 Kb7 48. g7 Rg1 49. Kd3 Rg6 50. Kc4 Rg1 51. Kxc5 Rc1+ 52. Kb5 Rg1 53.
b4 Rg5+ 54. Ka4 Rg1 55. Re8 Rxg7 56. Ka5 Rg6 57. Re7+ Kb8 58. b5 Rh6 59. Rg7
Rf6 60. Rd7 Rh6 61. Kb4 Rg6 62. Kc5 Rh6 1/2-1/2

[Event "SUI-chT Joueur-Geneve"]
[Site "?"]
[Date "2009.02.22"]
[Round "1.1"]
[White "Chernuschevich, Alexei"]
[Black "Landenbergue, Claude"]
[Result "1/2-1/2"]
[WhiteElo "2526"]
[BlackElo "2394"]
[PlyCount "61"]
[EventDate "2009.02.22"]
[EventRounds "1"]
[SourceDate "2001.01.01"]

1. d4 Nf6 2. c4 e6 3. Nf3 b6 4. e3 Bb7 5. Bd3 d5 6. O-O Nbd7 7. b3 Bd6 8. Bb2
O-O 9. Nc3 a6 10. a3 Ne4 11. b4 Nxc3 12. Bxc3 dxc4 13. Bxc4 Qe7 14. Qe2 e5 15.
dxe5 Nxe5 16. Nxe5 Bxe5 17. Bxe5 Qxe5 18. Rac1 Rfd8 19. Rfd1 a5 20. bxa5 bxa5
21. Qa2 Qe4 22. Bf1 Bd5 23. Qd2 Qe7 24. Qc3 c6 25. Rd4 g6 26. h3 Be4 27. Rxd8+
Qxd8 28. Qe5 Qd2 29. Rc5 Bd5 30. Qc3 Qxc3 31. Rxc3 1/2-1/2

[Event "SUI-chT Geneve-Joueur"]
[Site "?"]
[Date "2009.02.22"]
[Round "1.2"]
[White "Miralles, Gilles"]
[Black "Sermier, Guillaume"]
[Result "1/2-1/2"]
[WhiteElo "2465"]
[BlackElo "2397"]
[PlyCount "49"]
[EventDate "2009.02.22"]
[EventRounds "1"]
[SourceDate "2001.01.01"]

1. d4 d5 2. Bg5 h6 3. Bh4 Bf5 4. c3 c6 5. Nd2 Qb6 6. Qb3 Nd7 7. Ngf3 Ngf6 8. e3
e6 9. Be2 Be7 10. O-O a5 11. Rfc1 a4 12. Qxb6 Nxb6 13. Ne5 Ne4 14. Nxe4 Bxe4
15. Bxe7 Kxe7 16. Nd3 Bh7 17. Nc5 Nd7 18. c4 Nxc5 19. dxc5 Rhd8 20. Kf1 Ra5 21.
b4 axb3 22. axb3 Rda8 23. Rxa5 Rxa5 24. cxd5 exd5 25. b4 1/2-1/2

[Event "SUI-chT Joueur-Geneve"]
[Site "?"]
[Date "2009.02.22"]
[Round "1.3"]
[White "Gallagher, Joseph"]
[Black "Vuillemier, Alexandre"]
[Result "1-0"]
[WhiteElo "2474"]
[BlackElo "2301"]
[PlyCount "81"]
[EventDate "2009.02.22"]
[EventRounds "1"]
[SourceDate "2001.01.01"]

1. e4 c5 2. Nf3 d6 3. d4 cxd4 4. Nxd4 Nf6 5. Nc3 a6 6. Be2 e5 7. Nb3 Be7 8. O-O
O-O 9. Qd3 Nbd7 10. Qg3 Kh8 11. a4 b6 12. f4 Bb7 13. Bf3 Rc8 14. Be3 Rxc3 15.
bxc3 Nxe4 16. Qe1 Bh4 17. Qd1 Qc7 18. fxe5 Nxe5 19. Bxe4 Bxe4 20. Rf4 Bxg2 21.
Kxg2 Bg5 22. Rf3 Nxf3 23. Qxf3 Bxe3 24. Qxe3 Qc6+ 25. Qf3 Qxf3+ 26. Kxf3 Rc8
27. Ke4 Rxc3 28. Nd4 g6 29. Rb1 b5 30. axb5 axb5 31. Rxb5 Rh3 32. Kd5 Rxh2 33.
Kxd6 Rd2 34. Kd5 Kg7 35. c4 Kf8 36. c5 Ke8 37. c6 Kd8 38. Rb8+ Kc7 39. Rb7+ Kc8
40. Rxf7 h5 41. Kc5 1-0

[Event "SUI-chT Geneve-Joueur"]
[Site "?"]
[Date "2009.02.22"]
[Round "1.4"]
[White "Gerber, Richard"]
[Black "Lamoureux, Charles"]
[Result "1-0"]
[WhiteElo "2357"]
[BlackElo "2366"]
[PlyCount "131"]
[EventDate "2009.02.22"]
[EventRounds "1"]
[SourceDate "2001.01.01"]

1. d4 Nf6 2. Nf3 e6 3. Bg5 h6 4. Bxf6 Qxf6 5. e4 b6 6. Bd3 Qd8 7. O-O Bb7 8.
Nbd2 d6 9. Qe2 Nd7 10. Ba6 Bxa6 11. Qxa6 Be7 12. Ne1 O-O 13. f4 Nf6 14. Qe2 c5
15. dxc5 d5 16. e5 Nd7 17. Nd3 Rc8 18. Rad1 Bxc5+ 19. Kh1 Re8 20. c4 d4 21. Ne4
Bf8 22. b3 a6 23. Rc1 Rc7 24. b4 Qa8 25. Rc2 Rd8 26. h4 Nb8 27. h5 Nc6 28. a3
Ne7 29. Nd6 Nf5 30. Nxf5 exf5 31. Rf3 Qe4 32. Qd1 a5 33. b5 Qa8 34. Nf2 Qc8 35.
Qd3 Qe6 36. Kh2 Rdc8 37. Qxd4 Rxc4 38. Rxc4 Rxc4 39. Qd8 Rc8 40. Qd3 Rc4 41.
Nd1 Bc5 42. Nb2 Rd4 43. Qc3 Qd5 44. Nd3 Bf8 45. e6 fxe6 46. Ne5 Qd8 47. Ng6 Bc5
48. Qe1 Qd5 49. Qh4 Qd8 50. Qe1 Qd6 51. Qc3 Rd1 52. Qc4 Qd5 53. Qe2 Rd2 54. Qe1
Rd1 55. Qe2 Rd2 56. Qe1 Kh7 57. Ne5 Rd1 58. Qg3 Bg1+ 59. Kh3 Bc5 60. Qg6+ Kg8
61. Qe8+ Kh7 62. Nf7 Rh1+ 63. Kg3 Rxh5 64. Qh8+ Kg6 65. Ne5+ Kf6 66. Qe8 1-0

[Event "SUI-chT Joueur-Geneve"]
[Site "?"]
[Date "2009.02.22"]
[Round "1.5"]
[White "Netzer, Jean"]
[Black "Kovacevic, Vladimir"]
[Result "1-0"]
[WhiteElo "2367"]
[BlackElo "2218"]
[PlyCount "153"]
[EventDate "2009.02.22"]
[EventRounds "1"]
[SourceDate "2001.01.01"]

1. e4 c5 2. Nf3 Nc6 3. Nc3 d6 4. d4 cxd4 5. Nxd4 e5 6. Nf5 Bxf5 7. exf5 Nf6 8.
g4 d5 9. g5 d4 10. gxf6 dxc3 11. Qxd8+ Rxd8 12. bxc3 gxf6 13. Rb1 b6 14. Bb5
Kd7 15. Bc4 Ne7 16. Bxf7 Nxf5 17. Ke2 Bh6 18. Ba3 Kc7 19. Rbd1 Nd6 20. Bd5 Nb5
21. Bb2 Nd6 22. c4 Nb7 23. Rd3 Nc5 24. Ra3 a5 25. Rg1 Rd7 26. Rh3 Bf4 27. Ba3
Re8 28. Bxc5 bxc5 29. Rb1 e4 30. Rb7+ Kd6 31. Rxd7+ Kxd7 32. Rh4 Bg5 33. Rxh7+
Kd6 34. h4 Bf4 35. Ra7 f5 36. Rxa5 Bc1 37. h5 f4 38. Ra6+ Ke5 39. f3 exf3+ 40.
Kxf3 Kf5 41. h6 Re3+ 42. Kf2 Rc3 43. h7 Rxc2+ 44. Kf3 Rc3+ 45. Kg2 Rc2+ 46. Kf3
Rc3+ 47. Kg2 Rc2+ 48. Kh1 Bb2 49. Ra8 Rc1+ 50. Kg2 Rc2+ 51. Kh1 Rc1+ 52. Kh2
Rc2+ 53. Kh3 Rc3+ 54. Kh4 Rg3 55. Rf8+ Kg6 56. Be4+ Kh6 57. h8=R+ Bxh8 58.
Rxh8+ Kg7 59. Rc8 Re3 60. Bd5 Kf6 61. Rxc5 Ke5 62. Rc8 Ra3 63. Ra8 Rg3 64. Re8+
Kf5 65. c5 Rg7 66. Be4+ Kf6 67. c6 Ra7 68. Kg4 Kf7 69. Rh8 Ke6 70. Kxf4 Rf7+
71. Ke3 Kd6 72. Rh6+ Kc5 73. Rh7 Rxh7 74. Bxh7 Kxc6 75. Kd4 Kb6 76. Kc4 Ka7 77.
Kb5 1-0

[Event "SUI-chT Geneve-Joueur"]
[Site "?"]
[Date "2009.02.22"]
[Round "1.6"]
[White "Perez, Flavio"]
[Black "Lehtivaara, Petri"]
[Result "1/2-1/2"]
[WhiteElo "2276"]
[BlackElo "2360"]
[PlyCount "100"]
[EventDate "2009.02.22"]
[EventRounds "1"]
[SourceDate "2001.01.01"]

1. e4 e5 2. Nf3 Nc6 3. Bc4 Be7 4. c3 Nf6 5. d3 d6 6. Nbd2 O-O 7. O-O Na5 8. Bb5
a6 9. Ba4 b5 10. Bc2 c5 11. Re1 Nc6 12. Nf1 Re8 13. Ng3 Bf8 14. h3 h6 15. Nh2
d5 16. Qf3 d4 17. Nf5 Bxf5 18. exf5 e4 19. dxe4 Ne5 20. Qd1 d3 21. Bb1 c4 22.
f4 Bc5+ 23. Kh1 Neg4 24. Nxg4 Nxe4 25. Kh2 Qh4 26. Be3 Qg3+ 27. Kg1 h5 28. Bxd3
hxg4 29. Bxc5 cxd3 30. Bd4 gxh3 31. Qf3 Qxf3 32. gxf3 Ng3 33. Kh2 Nxf5 34. Kxh3
Nxd4 35. cxd4 Rxe1 36. Rxe1 Rd8 37. Kg3 Rxd4 38. Rd1 g6 39. Kf2 Rxf4 40. Rxd3
Rf6 41. Kg3 Kg7 42. a4 bxa4 43. Rd4 Rb6 44. Rxa4 f5 45. Ra3 Kf6 46. f4 Ke6 47.
Ra5 Kd6 48. Kh4 Kc6 49. Kg5 Kb7 50. Re5 Kc7 1/2-1/2

[Event "SUI-chT Joueur-Geneve"]
[Site "?"]
[Date "2009.02.22"]
[Round "1.7"]
[White "Vesin, Jean-Robert"]
[Black "Wolff, Armel-David"]
[Result "1/2-1/2"]
[WhiteElo "2237"]
[BlackElo "2168"]
[PlyCount "140"]
[EventDate "2009.02.22"]
[EventRounds "1"]
[SourceDate "2001.01.01"]

1. d4 d5 2. a3 Nf6 3. Nf3 Bf5 4. Bf4 e6 5. e3 c6 6. c4 Qb6 7. Qc1 dxc4 8. Bxc4
Nbd7 9. h3 Be7 10. O-O O-O 11. Nc3 Rac8 12. Nh4 Bg6 13. Nxg6 hxg6 14. b4 Nd5
15. Bg3 Nxc3 16. Qxc3 Nf6 17. f3 Nd5 18. Qb3 Bf6 19. Rad1 a5 20. Bf2 axb4 21.
axb4 Qc7 22. Rc1 Rfd8 23. Rfd1 Ra8 24. b5 Qa5 25. e4 cxb5 26. Qxb5 Nb6 27. Bf1
Qxb5 28. Bxb5 Ra5 29. Rb1 Na4 30. Rd3 Be7 31. Bxa4 Rxa4 32. Rxb7 Ra1+ 33. Kh2
Bc5 34. Rb5 Ba7 35. Be3 Ra4 36. d5 Bxe3 37. Rxe3 exd5 38. Rxd5 Rxd5 39. exd5
Kf8 40. Rb3 Ra5 41. Rb8+ Ke7 42. Rb7+ Ke8 43. Rb8+ Ke7 44. d6+ Kxd6 45. Rg8 Ke5
46. Rxg7 Kf6 47. Rg8 Ra4 48. Kg3 Ra5 49. h4 Ra4 50. Re8 Ra5 51. Kg4 Ra2 52. g3
Ra4+ 53. Re4 Ra5 54. Rb4 Kg7 55. Kf4 Kf6 56. g4 Kg7 57. g5 Ra1 58. Kg3 Rg1+ 59.
Kh2 Ra1 60. Rb6 Ra4 61. Kg3 Ra1 62. Rf6 Ra3 63. h5 gxh5 64. Rh6 Rb3 65. Rf6 Rb1
66. f4 Rg1+ 67. Kf3 Rf1+ 68. Kg2 Ra1 69. Rh6 Ra3 70. Rxh5 f6 1/2-1/2

[Event "SUI-chT Geneve-Joueur"]
[Site "?"]
[Date "2009.02.22"]
[Round "1.8"]
[White "Duport, Nicolas"]
[Black "Burnier, David"]
[Result "0-1"]
[WhiteElo "2145"]
[BlackElo "2326"]
[PlyCount "54"]
[EventDate "2009.02.22"]
[EventRounds "1"]
[SourceDate "2001.01.01"]

1. e4 e5 2. Nf3 Nc6 3. Bb5 a6 4. Ba4 Nf6 5. d3 b5 6. Bb3 Bc5 7. a4 Rb8 8. axb5
axb5 9. Nc3 d6 10. h3 h6 11. Ne2 d5 12. exd5 Nxd5 13. O-O O-O 14. Ng3 Be6 15.
Re1 Re8 16. c3 Bb6 17. Qc2 Qf6 18. Nh5 Qg6 19. Nxe5 Nxe5 20. Rxe5 Bxh3 21.
Rxe8+ Rxe8 22. Bxd5 Re1+ 23. Kh2 Qxh5 24. gxh3 Qxd5 25. Qd2 Rh1+ 26. Kg3 Rg1+
27. Kh4 g6 0-1